[Event "Mar del Plata ARG"]
[Site "Mar del Plata ARG"]
[Date "1987.??.??"]
[Round "?"]
[White "Sorin, Ariel"]
[Black "Rubinetti, Jorge A"]
[Result "1-0"]
[WhiteElo "2345"]
[BlackElo "2410"]
[PlyCount "97"]
[EventDate "1987.??.??"]
[Source "www.chesslib.no"]
[SourceDate "2004.05.04"]

1. d4 Nf6 2. c4 c5 3. d5 e6 4. Nc3 exd5 5. cxd5 d6 6. Nf3 g6 7. e4 Bg7 8. Bg5 h6 9. Bh4 a6 10. Nd2 b5 11. a4 b4 12. Ncb1 O-O 13. Bd3 Re8 14. O-O Nbd7 15. f4 Qc7 16. Qf3 c4 17. Rc1 c3 18. bxc3 b3 19. Ra3 b2 20. Rc2 Rb8 21. Ra2 Nc5 22. Bxf6 Bxf6 23. Raxb2 Nxa4 24. Rxb8 Qxb8 25. h3 Nc5 26. Na3 Bg7 27. Nac4 Nxd3 28. Qxd3 Bd7 29. Qg3 Bb5 30. Rb2 Qc7 31. Rb4 Rd8 32. Kh1 Kh7 33. h4 Qe7 34. Na3 Be2 35. Nc2 Rc8 36. Nd4 Bh5 37. Nc6 Qd7 38. Nc4 Rxc6 39. dxc6 Qxc6 40. Qd3 Bg4 41. Nxd6 Qc5 42. Rb2 Qh5 43. g3 Qc5 44. e5 Qa3 45. Rf2 Qc5 46. Qd4 Qc6+ 47. Kh2 Qd7 48. c4 Qa4 49. Nxf7 1-0

[Event "WchT U26 prel-2"]
[Site "Caracas"]
[Date "1976.??.??"]
[Round "4"]
[White "Kaplan, Julio P"]
[Black "Fridjonsson, Julius"]
[Result "1-0"]
[WhiteElo "2450"]
[BlackElo "2295"]
[PlyCount "39"]
[EventDate "1976.??.??"]
[Source "www.chesslib.no"]
[SourceDate "2004.05.04"]

1. d4 Nf6 2. c4 c5 3. d5 e6 4. Nc3 exd5 5. cxd5 d6 6. Nf3 g6 7. e4 Bg7 8. Bg5 h6 9. Bh4 g5 10. Bg3 Nh5 11. Bb5+ Kf8 12. e5 Nxg3 13. fxg3 dxe5 14. O-O Kg8 15. Bc4 Bg4 16. d6 Bh5 17. Qd3 Qd7 18. Ne4 Nc6 19. Nxc5 Qg4 20. h3 1-0

[Event "Oberliga Nord W9697"]
[Site "Germany"]
[Date "1996.??.??"]
[Round "?"]
[White "Schubert, Thomas"]
[Black "Heinemann, Dieter"]
[Result "1-0"]
[WhiteElo "2500"]
[BlackElo "2240"]
[PlyCount "75"]
[EventDate "1996.10.??"]
[Source "www.chesslib.no"]
[SourceDate "2004.05.04"]

1. d4 Nf6 2. Nf3 c5 3. d5 e6 4. c4 exd5 5. cxd5 d6 6. Nc3 g6 7. e4 Bg7 8. Bg5 h6 9. Bh4 a6 10. a4 g5 11. Bg3 Nh5 12. Nd2 Nxg3 13. hxg3 Nd7 14. Nc4 Ne5 15. Ne3 Qf6 16. Be2 O-O 17. O-O Rb8 18. f4 gxf4 19. gxf4 Ng6 20. e5 Qh4 21. Qe1 Qxe1 22. Raxe1 dxe5 23. f5 Nf4 24. g3 Nxe2+ 25. Rxe2 f6 26. Ne4 b6 27. a5 Bd7 28. Rh2 Bb5 29. Rd1 bxa5 30. Nxc5 Rf7 31. d6 Rc8 32. Ne6 Rd7 33. Nd5 Rb8 34. Nc5 Rdd8 35. Ne4 Kf7 36. Rc2 Rbc8 37. Rc7+ Bd7 38. Nb6 1-0

[Event "Tula-A"]
[Site "Tula"]
[Date "2000.??.??"]
[Round "5"]
[White "Moiseev, Viktor"]
[Black "Poletov, Vladimir"]
[Result "1/2-1/2"]
[WhiteElo "2410"]
[BlackElo "2329"]
[PlyCount "66"]
[EventDate "2000.12.??"]
[Source "ChessBase"]
[SourceDate "2001.01.11"]

1. d4 Nf6 2. c4 c5 3. d5 e6 4. Nc3 exd5 5. cxd5 d6 6. e4 g6 7. Nf3 Bg7 8. Bg5 h6 9. Bh4 a6 10. Nd2 b5 11. Qc2 g5 12. Bg3 Nh5 13. a4 b4 14. Nd1 Nxg3 15. hxg3 Nd7 16. Ne3 Ne5 17. Be2 Rb8 18. Rb1 h5 19. b3 h4 20. gxh4 Rxh4 21. Rxh4 gxh4 22. Nf5 Bf8 23. Nc4 Nxc4 24. Bxc4 Qg5 25. Kf1 Qf4 26. Qd3 Ra8 27. g3 hxg3 28. Qxg3 Qxg3 29. fxg3 Bxf5 30. exf5 Ke7 31. Re1+ Kf6 32. Bd3 Bh6 33. Kf2 Bg5 1/2-1/2

[Event "Asousados"]
[Site "?"]
[Date "1986.??.??"]
[Round "?"]
[White "Yepes"]
[Black "Gutierrez"]
[Result "0-1"]
[WhiteElo "2390"]
[BlackElo "2345"]
[PlyCount "66"]
[EventDate "1986.??.??"]
[Source "www.chesslib.no"]
[SourceDate "2004.05.04"]

1. d4 Nf6 2. c4 e6 3. Nc3 c5 4. d5 exd5 5. cxd5 d6 6. Nf3 g6 7. e4 Bg7 8. Bg5 h6 9. Bh4 g5 10. Bg3 Nh5 11. Bb5+ Kf8 12. Nd2 Nxg3 13. hxg3 a6 14. Be2 b5 15. Qc2 Nd7 16. a4 b4 17. Nd1 Ne5 18. Ne3 Qf6 19. Rf1 Rb8 20. O-O-O b3 21. Nxb3 Qd8 22. f4 Ng6 23. e5 Qe7 24. Nxc5 dxc5 25. d6 Qd8 26. Bc4 gxf4 27. e6 Bxb2+ 28. Qxb2 Rxb2 29. e7+ Nxe7 30. Rxf4 Nf5 31. Nxf5 Qf6 32. Nd4 Qxf4+ 33. gxf4 Rb4 0-1

[Event "Club Argentino"]
[Site "Buenos Aires"]
[Date "1977.??.??"]
[Round "5"]
[White "Amado, Claudio"]
[Black "Rubinetti, Jorge Alberto"]
[Result "1/2-1/2"]
[WhiteElo "2310"]
[BlackElo "2420"]
[PlyCount "111"]
[EventDate "1977.??.??"]
[Source "ChessBase"]

1. d4 Nf6 2. c4 c5 3. d5 e6 4. Nc3 exd5 5. cxd5 d6 6. e4 g6 7. Nf3 Bg7 8. Bg5 h6 9. Bh4 g5 10. Bg3 Nh5 11. Bb5+ Kf8 12. e5 Nxg3 13. fxg3 dxe5 14. O-O a6 15. Bd3 b5 16. Qe2 c4 17. Bc2 Nd7 18. Rad1 Bb7 19. Bf5 Qb6+ 20. Kh1 Rd8 21. d6 Nf6 22. Qxe5 Kg8 23. d7 Nxd7 24. Qd6 Qxd6 25. Rxd6 Bc8 26. Rfd1 Nf8 27. Rxd8 Bxf5 28. Nd4 Bd3 29. a3 h5 30. Rd6 Rh6 31. Rxh6 Bxh6 32. Nc6 Nd7 33. a4 Bg7 34. Nb4 Nc5 35. axb5 axb5 36. Ra1 Bg6 37. Ra5 Na4 38. Nxa4 bxa4 39. Rxa4 Bxb2 40. Ra8+ Kg7 41. Rc8 c3 42. Kg1 Ba3 43. Na2 c2 44. Kf1 Bf5 45. Rc7 Kf6 46. Ke2 Ke6 47. Kd2 Be4 48. Rxc2 Bxc2 49. Kxc2 Bc5 50. Nc3 Bb6 51. h3 Kf5 52. Kd3 Bf2 53. Ne4 Be1 54. Nd6+ Ke6 55. Ne4 g4 56. Ke2 1/2-1/2

[Event "Biel op MTO"]
[Site "Biel"]
[Date "1999.07.20"]
[Round "11"]
[White "Cvitan, Ognjen"]
[Black "Loetscher, Roland"]
[Result "1-0"]
[WhiteElo "2511"]
[BlackElo "2209"]
[PlyCount "41"]
[EventDate "1999.07.20"]
[Source "www.chesslib.no"]
[SourceDate "2004.05.04"]

1. d4 Nf6 2. Nf3 c5 3. d5 e6 4. c4 exd5 5. cxd5 d6 6. Nc3 g6 7. e4 Bg7 8. Bg5 h6 9. Bh4 g5 10. Bg3 Nh5 11. Bb5+ Kf8 12. e5 Nxg3 13. fxg3 a6 14. Bd3 Nd7 15. e6 Bxc3+ 16. bxc3 fxe6 17. O-O Kg7 18. dxe6 Nf8 19. Nd4 Nxe6 20. Qh5 Qe8 21. Nf5+ 1-0

[Event "It (Open) INT"]
[Site "?"]
[Date "2006.05.06"]
[Round "?"]
[White "Chuprikov Dmitry"]
[Black "Arutyunova Diana"]
[Result "1-0"]
[WhiteElo "2377"]
[BlackElo "2338"]
[PlyCount "165"]
[EventDate "2006.??.??"]
[Source "www.chesslib.no"]
[SourceDate "2004.05.04"]

1. d4 Nf6 2. c4 c5 3. d5 e6 4. Nc3 exd5 5. cxd5 d6 6. e4 g6 7. Bg5 Bg7 8. Nf3 O-O 9. Nd2 Re8 10. Be2 a6 11. a4 Qc7 12. O-O Nbd7 13. Qc2 Rb8 14. Rae1 Ne5 15. h3 h6 16. Bh4 g5 17. Bg3 Ng6 18. Nc4 Bf8 19. a5 Bd7 20. Nb6 Qd8 21. b3 Qe7 22. Bc4 Nh5 23. Bh2 Nhf4 24. Kh1 Rbd8 25. Nxd7 Rxd7 26. Na4 Qf6 27. Nb6 Rde7 28. Re3 Bg7 29. Rfe1 Ne5 30. Bf1 Qg6 31. Nc4 Nxc4 32. bxc4 Bd4 33. Rf3 Rxe4 34. Rxe4 Qxe4 35. Qxe4 Rxe4 36. Bxf4 gxf4 37. Kh2 Kg7 38. Rb3 Re7 39. Kg1 Kf6 40. g3 fxg3 41. Rxg3 Be5 42. Rb3 Kf5 43. Kg2 Kg5 44. Bd3 f5 45. Be2 Kf6 46. Bf3 Rg7+ 47. Kf1 Bd4 48. Rb6 Re7 49. Rxd6+ Kg5 50. Rb6 Kf4 51. Be2 h5 52. Bxh5 Rh7 53. Be2 Rxh3 54. Kg2 Rc3 55. d6 Bf6 56. d7 Bd8 57. Rxb7 Rc2 58. Kf1 Rd2 59. Ra7 Bxa5 60. Rxa6 Bc7 61. Ra7 Rxd7 62. Bh5 Re7 63. Kg2 Bd6 64. Ra6 Rg7+ 65. Kf1 Be5 66. Rc6 Bd4 67. Be2 Rh7 68. Kg2 Ra7 69. Rc8 Ra2 70. Kf1 Ra1+ 71. Kg2 Ra2 72. Bd3 Be5 73. Rf8 Bd4 74. Rxf5+ Kg4 75. Rf7 Kh4 76. Rf8 Kg5 77. Rf5+ Kh6 78. Kg3 Kg7 79. Kg4 Ra7 80. f4 Rf7 81. Rg5+ Kf8 82. f5 Rg7 83. Rg6 1-0

[Event "NRW-Liga 9798"]
[Site "Germany"]
[Date "1998.??.??"]
[Round "5.2"]
[White "Riemersma, Liafbern"]
[Black "Handke, Florian"]
[Result "1/2-1/2"]
[WhiteElo "2455"]
[BlackElo "2260"]
[PlyCount "121"]
[EventDate "1997.10.??"]
[Source "www.chesslib.no"]
[SourceDate "2004.05.04"]

1. d4 Nf6 2. c4 c5 3. d5 e6 4. Nc3 exd5 5. cxd5 d6 6. e4 g6 7. Nf3 Bg7 8. Bg5 Bg4 9. Qa4+ Bd7 10. Qb3 Na6 11. Qxb7 Nb4 12. Bxf6 Bxf6 13. Bb5 Rb8 14. Qxd7+ Qxd7 15. Bxd7+ Kxd7 16. Kd2 c4 17. Ne1 Na6 18. Rb1 Nc5 19. f3 Rb6 20. Nc2 Rhb8 21. Nd1 a5 22. Nce3 c3+ 23. Kc2 cxb2 24. Nc4 Rb4 25. Nde3 R8b5 26. Rhd1 Na4 27. a3 Rb3 28. Rd3 Rxd3 29. Kxd3 Rb3+ 30. Kc2 Rc3+ 31. Kd2 Bg5 32. Nb6+ Nxb6 33. Kxc3 Bxe3 34. Kxb2 Bc5 35. Kc2 Kc7 36. a4 Bb4 37. Kb3 Nd7 38. Kc4 Kb6 39. f4 f6 40. Kd4 Nc5 41. e5 fxe5+ 42. fxe5 dxe5+ 43. Kxe5 Nxa4 44. Rf1 Nc3 45. Rf6+ Kc5 46. Rc6+ Kb5 47. Rc8 Na4 48. Rb8+ Nb6 49. Ke6 Bc5 50. d6 Kc6 51. d7 Nxd7 52. Rc8+ Kb5 53. Kxd7 a4 54. Ke6 Kc4 55. Kf7 a3 56. Kg7 a2 57. Ra8 Kb3 58. Rxa2 Kxa2 59. h4 Bf2 60. Kxh7 Bxh4 61. Kxg6 1/2-1/2

[Event "NZD-ch"]
[Site "Auckland"]
[Date "1979.??.??"]
[Round "4"]
[White "Anderson, Bruce R"]
[Black "Green, Ewen M"]
[Result "1-0"]
[WhiteElo "2385"]
[BlackElo "2320"]
[PlyCount "53"]
[EventDate "1979.??.??"]
[Source "www.chesslib.no"]
[SourceDate "2004.05.04"]

1. d4 Nf6 2. c4 c5 3. d5 e6 4. Nc3 exd5 5. cxd5 d6 6. e4 g6 7. Nf3 Bg7 8. Bg5 h6 9. Bh4 a6 10. Nd2 b5 11. a4 b4 12. Ncb1 O-O 13. Bd3 Re8 14. O-O a5 15. Nc4 Ba6 16. Nbd2 g5 17. Bg3 Nxe4 18. Nxe4 Bxc4 19. Nxd6 Bxd3 20. Qxd3 Rf8 21. Rab1 Nd7 22. Nf5 Nb6 23. b3 Ra7 24. Bd6 Re8 25. Bxc5 Rd7 26. Nxg7 Rxd5 27. Qb5 1-0

[Event "BL2-S9899"]
[Site "Germany"]
[Date "1999.04.18"]
[Round "9.1"]
[White "Schnepp, Gunnar"]
[Black "Kekelidze, Mikheil"]
[Result "0-1"]
[WhiteElo "2252"]
[BlackElo "2439"]
[PlyCount "44"]
[EventDate "1998.10.??"]
[Source "www.chesslib.no"]
[SourceDate "2004.05.04"]

1. d4 Nf6 2. c4 c5 3. d5 e6 4. Nc3 exd5 5. cxd5 d6 6. e4 g6 7. Nf3 Bg7 8. Bg5 a6 9. Nd2 b5 10. Bd3 O-O 11. O-O h6 12. Bh4 Nbd7 13. f4 Re8 14. Rc1 c4 15. Bb1 Nc5 16. b4 cxb3 17. Nxb3 Nxb3 18. Qxb3 Bd7 19. Rce1 Qc7 20. e5 dxe5 21. fxe5 Ng4 22. Kh1 Rxe5 0-1

[Event "Oslo"]
[Site "Oslo"]
[Date "1985.??.??"]
[Round "?"]
[White "Agdestein, Espen"]
[Black "Wibe, Terje"]
[Result "1-0"]
[WhiteElo "2305"]
[BlackElo "2380"]
[PlyCount "73"]
[EventDate "1985.03.??"]
[Source "ChessBase"]

1. d4 Nf6 2. c4 e6 3. Nf3 c5 4. d5 exd5 5. cxd5 d6 6. Nc3 g6 7. e4 Bg7 8. Bg5 O-O 9. Nd2 Re8 10. Be2 a6 11. a4 b6 12. O-O Qc7 13. f4 Nbd7 14. Bc4 b5 15. axb5 Nb6 16. Be2 c4 17. Kh1 Nfd7 18. Rc1 Bxc3 19. Rxc3 f6 20. Bh6 axb5 21. Rg3 Kh8 22. f5 g5 23. Bh5 Rg8 24. h4 g4 25. Bf7 Bb7 26. Rxg4 Ne5 27. Rxg8+ Rxg8 28. Bxg8 Kxg8 29. Nf3 Ng4 30. Bf4 Na4 31. Nd4 h5 32. Nxb5 Qa5 33. Nxd6 Nxb2 34. Qd4 Nd3 35. Nxb7 Qa2 36. Ra1 Qe2 37. Nd6 1-0

[Event "Sofia"]
[Site "?"]
[Date "1979.??.??"]
[Round "6"]
[White "Gralka Julian"]
[Black "Babev Aleksandar"]
[Result "1-0"]
[WhiteElo "2345"]
[BlackElo "2340"]
[PlyCount "43"]
[EventDate "1979.??.??"]
[Source "www.chesslib.no"]
[SourceDate "2004.05.04"]

1. d4 Nf6 2. c4 c5 3. d5 e6 4. Nc3 exd5 5. cxd5 d6 6. e4 g6 7. Nf3 Bg7 8. Bg5 h6 9. Bh4 g5 10. Bg3 Nh5 11. Bb5+ Kf8 12. e5 Nxg3 13. fxg3 dxe5 14. O-O Bg4 15. Qa4 Bd7 16. Rae1 Qe7 17. Qe4 Bxb5 18. Nxb5 Nd7 19. d6 Qd8 20. Nc7 Rb8 21. Nxe5 Kg8 22. Rxf7 1-0

[Event "YUG-ch35"]
[Site "?"]
[Date "1980.02.??"]
[Round "2"]
[White "Nemet Ivan"]
[Black "Brajovic Radovan"]
[Result "1-0"]
[WhiteElo "2460"]
[BlackElo "2205"]
[PlyCount "49"]
[EventDate "1980.??.??"]
[Source "www.chesslib.no"]
[SourceDate "2004.05.04"]

1. d4 Nf6 2. Nf3 e6 3. c4 c5 4. d5 exd5 5. cxd5 d6 6. Nc3 g6 7. e4 Bg7 8. Bg5 h6 9. Bh4 g5 10. Bg3 Nh5 11. Bb5+ Kf8 12. e5 Nxg3 13. fxg3 a6 14. Bd3 Bxe5 15. Nxe5 dxe5 16. O-O Kg7 17. Qh5 Rf8 18. Rf2 c4 19. Raf1 Qb6 20. Kh1 f5 21. Bxf5 Bxf5 22. Rxf5 Rxf5 23. Rxf5 Qg6 24. Qxg6+ Kxg6 25. Rf8 1-0

[Event "Caracas"]
[Site "Caracas"]
[Date "1973.??.??"]
[Round "2"]
[White "Yepez, Olavo"]
[Black "Diaz, Salvador"]
[Result "1-0"]
[WhiteElo "2390"]
[BlackElo "2270"]
[PlyCount "71"]
[EventDate "1973.??.??"]
[Source "www.chesslib.no"]
[SourceDate "2004.05.04"]

1. d4 Nf6 2. c4 e6 3. Nc3 c5 4. d5 exd5 5. cxd5 d6 6. e4 g6 7. Nf3 Bg7 8. Bg5 O-O 9. Nd2 Re8 10. Be2 Na6 11. O-O Nc7 12. a4 b6 13. f4 Ba6 14. Bxa6 Nxa6 15. Qf3 h6 16. Bh4 Qd7 17. Nc4 Nb4 18. e5 dxe5 19. fxe5 Nh7 20. Rae1 Nc2 21. Re4 Nd4 22. Qd3 Nf5 23. Qh3 Qc8 24. g4 Nxh4 25. Qxh4 Ng5 26. Re3 Qa6 27. b3 Rad8 28. Qg3 Rf8 29. h4 Nh7 30. g5 h5 31. Rd3 Qc8 32. Ne4 Rd7 33. Nf6+ Bxf6 34. gxf6 Rdd8 35. e6 Rfe8 36. Ne5 1-0

[Event "Zamardi"]
[Site "Zamardi"]
[Date "1978.??.??"]
[Round "?"]
[White "Portisch, Ferenc"]
[Black "Varasdy, Imre"]
[Result "1-0"]
[WhiteElo "2450"]
[BlackElo "2200"]
[PlyCount "104"]
[EventDate "1978.??.??"]
[Source "www.chesslib.no"]
[SourceDate "2004.05.04"]

1. d4 Nf6 2. c4 c5 3. d5 e6 4. Nc3 exd5 5. cxd5 g6 6. e4 d6 7. Nf3 Bg7 8. Bg5 h6 9. Bh4 a6 10. Nd2 b5 11. Qc2 g5 12. Bg3 Nh5 13. a4 Nxg3 14. hxg3 b4 15. Nd1 Nd7 16. Ne3 Ne5 17. Be2 Rb8 18. Rb1 g4 19. Rh5 Qf6 20. Nf5 Bf8 21. b3 Qg6 22. Rh1 h5 23. Nc4 Nxc4 24. Bxc4 Qf6 25. a5 Ra8 26. Qb2 Qxb2 27. Rxb2 Kd8 28. f3 Bxf5 29. exf5 Bg7 30. Re2 gxf3 31. gxf3 Bf6 32. f4 Kd7 33. Kf2 Kc7 34. Kf3 Kb7 35. Reh2 Bd8 36. Rxh5 Rxh5 37. Rxh5 Bxa5 38. Rh7 Rf8 39. g4 Bd8 40. g5 Kb6 41. f6 a5 42. Kg4 a4 43. bxa4 Ka5 44. Bb3 c4 45. Bxc4 Kxa4 46. Kh5 b3 47. Kh6 b2 48. Bd3 Bb6 49. Kg7 Rc8 50. Kxf7 Be3 51. g6 Kb3 52. g7 Kc3 1-0

[Event "Berlin-ch"]
[Site "Berlin"]
[Date "2000.04.23"]
[Round "3"]
[White "Von Herman, Ulf"]
[Black "Mattick, Lutz"]
[Result "1-0"]
[WhiteElo "2362"]
[BlackElo "2280"]
[PlyCount "65"]
[EventDate "2000.04.??"]
[Source "www.chesslib.no"]
[SourceDate "2004.05.04"]

1. d4 Nf6 2. c4 e6 3. Nf3 c5 4. d5 exd5 5. cxd5 g6 6. Nc3 d6 7. e4 Bg7 8. Bg5 h6 9. Bh4 a6 10. Nd2 b5 11. a4 b4 12. Ncb1 O-O 13. Bd3 Re8 14. O-O Qc7 15. f4 Nbd7 16. Re1 Nh5 17. f5 Bxb2 18. Ra2 Bd4+ 19. Kh1 Nf4 20. Bf1 Bg7 21. Qg4 g5 22. Bxg5 hxg5 23. Qxg5 Ng6 24. fxg6 Ne5 25. gxf7+ Qxf7 26. Nc4 Nxc4 27. Bxc4 Qe7 28. Qg6 Qf7 29. Qxd6 Qh5 30. Qxc5 Be5 31. Qg1 Ra7 32. Nd2 Bg4 33. Nf3 1-0

[Event "Berlin GER"]
[Site "?"]
[Date "2000.03.21"]
[Round "9"]
[White "Von Herman Ulf"]
[Black "Mattick Lutz"]
[Result "1-0"]
[WhiteElo "2362"]
[BlackElo "2280"]
[PlyCount "81"]
[EventDate "2000.??.??"]
[Source "www.chesslib.no"]
[SourceDate "2004.05.04"]

1. d4 Nf6 2. c4 e6 3. Nf3 c5 4. d5 exd5 5. cxd5 g6 6. Nc3 d6 7. e4 Bg7 8. Bg5 h6 9. Bh4 a6 10. Nd2 b5 11. a4 b4 12. Ncb1 O-O 13. Bd3 Re8 14. O-O Qc7 15. Re1 Ng4 16. h3 Ne5 17. Bf1 g5 18. Bg3 Nbd7 19. a5 Nf8 20. Bxe5 Bxe5 21. Nc4 Bg7 22. Nbd2 Ng6 23. Nb6 Rb8 24. Qa4 Bb7 25. Ndc4 Rbd8 26. g3 Re7 27. Bg2 Rde8 28. Qb3 f5 29. Ne3 fxe4 30. Nf5 Re5 31. Nxg7 Kxg7 32. Re3 Qf7 33. Qc4 Bxd5 34. Qxa6 Ne7 35. Ree1 Bc6 36. Rac1 e3 37. fxe3 Bxg2 38. Kxg2 Qb3 39. Nc4 Re6 40. Rf1 Nd5 41. Qb7+ 1-0

[Event "Open"]
[Site "Peiraias GRE"]
[Date "2007.09.06"]
[Round "6"]
[White "Ilandzis, S."]
[Black "Kalesis, N."]
[Result "1/2-1/2"]
[WhiteElo "2174"]
[BlackElo "2459"]
[PlyCount "150"]
[EventDate "2007.09.01"]
[Source "www.chesslib.no"]
[SourceDate "2004.05.04"]

1. d4 Nf6 2. c4 e6 3. Nf3 c5 4. d5 exd5 5. cxd5 d6 6. Nc3 g6 7. e4 Bg7 8. Bg5 O-O 9. Qd2 Re8 10. Be2 a6 11. a4 Qc7 12. Qf4 Nh5 13. Qh4 h6 14. Bxh6 Bxh6 15. g4 Bxg4 16. Qxg4 Nd7 17. O-O Ndf6 18. Qh4 Qe7 19. Bd3 Nd7 20. Qxe7 Rxe7 21. Rfe1 Rae8 22. Rab1 Nf4 23. Bf1 Bg7 24. a5 Bd4 25. Red1 Ne5 26. Nxe5 Rxe5 27. Rd2 Kg7 28. Rc2 Bxc3 29. bxc3 Rg5+ 30. Kh1 Rxe4 31. c4 Rge5 32. Rcb2 Ne2 33. f3 Re3 34. Rxe2 Rxe2 35. Bxe2 Rxe2 36. Rxb7 Ra2 37. Rb6 Rxa5 38. Rxd6 Ra4 39. Rc6 Rxc4 40. Rxa6 Rd4 41. d6 Kf6 42. Rc6 c4 43. Kg2 Ke6 44. Kf2 Kd7 45. Rc7+ Kxd6 46. Rc8 Kd5 47. Rd8+ Kc5 48. Rc8+ Kb4 49. Rb8+ Kc3 50. Rb7 Rf4 51. Ke3 Rf6 52. Rc7 Kb3 53. Kd4 Rf4+ 54. Ke3 g5 55. h4 Rxh4 56. Rxf7 c3 57. Kd3 Kb4 58. Rb7+ Kc5 59. Rg7 Rh3 60. Rxg5+ Kb4 61. Rf5 Rh2 62. Rf4+ Kb3 63. Rf8 Rd2+ 64. Ke3 Rd1 65. Rb8+ Kc2 66. f4 Re1+ 67. Kf3 Kd2 68. Rd8+ Kc1 69. f5 c2 70. Rc8 Kb2 71. Kf4 Rf1+ 72. Ke5 Rf3 73. Rxc2+ Kxc2 74. f6 Kd3 75. Ke6 Kd4 1/2-1/2

[Event "Casilda"]
[Site "Casilda"]
[Date "1984.??.??"]
[Round "9"]
[White "Barbero, Gerardo F"]
[Black "Garbarino, Rodolfo"]
[Result "1-0"]
[WhiteElo "2305"]
[BlackElo "2325"]
[PlyCount "79"]
[EventDate "1984.??.??"]
[Source "ChessBase"]

1. d4 Nf6 2. Nf3 e6 3. c4 c5 4. d5 exd5 5. cxd5 d6 6. Nc3 g6 7. e4 Bg7 8. Bg5 h6 9. Bh4 a6 10. Nd2 b5 11. a4 b4 12. Ncb1 O-O 13. Bd3 Re8 14. O-O a5 15. f4 Nbd7 16. Nc4 Nb6 17. Nbd2 Nxc4 18. Nxc4 Ba6 19. Qf3 Qd7 20. Rae1 Bxc4 21. Bxc4 Qg4 22. Qxg4 Nxg4 23. Bb5 Bd4+ 24. Kh1 Bxb2 25. Bxe8 Rxe8 26. e5 g5 27. exd6 Rd8 28. fxg5 Rxd6 29. Re8+ Kg7 30. h3 Ne5 31. gxh6+ Kh7 32. Bf6 Nd3 33. Rh8+ Kg6 34. Bxb2 Nxb2 35. Rf3 f5 36. Rg3+ Kf6 37. Rf8+ Ke5 38. h7 Rh6 39. d6 c4 40. d7 1-0

[Event "Open"]
[Site "?"]
[Date "2003.07.12"]
[Round "6"]
[White "Pascal Pierre"]
[Black "Bronznik Valerij"]
[Result "1-0"]
[WhiteElo "2185"]
[BlackElo "2418"]
[PlyCount "80"]
[EventDate "2003.??.??"]
[Source "www.chesslib.no"]
[SourceDate "2004.05.04"]

1. d4 Nf6 2. c4 c5 3. d5 e6 4. Nc3 exd5 5. cxd5 d6 6. e4 g6 7. Nf3 Bg7 8. Bg5 O-O 9. Nd2 Nbd7 10. Be2 a6 11. a4 Rb8 12. O-O Re8 13. Qc2 h6 14. Bh4 g5 15. Bg3 Ne5 16. f4 gxf4 17. Bxf4 Bd7 18. a5 Re7 19. Bg3 Nh7 20. Bh5 Qc7 21. Bh4 Ng5 22. Ne2 Ng6 23. Bf2 Rbe8 24. Bd4 Nxe4 25. Nxe4 Rxe4 26. Bxg7 Kxg7 27. Qc3+ R4e5 28. Ng3 Bc8 29. Ne4 f5 30. Qg3 Rxe4 31. Qxg6+ Kh8 32. Qxh6+ Qh7 33. Qxh7+ Kxh7 34. Bxe8 Rxe8 35. Rae1 Rf8 36. Re7+ Kg6 37. g3 Kg5 38. Rfe1 Rf6 39. Rc7 Rf8 40. Ree7 Kf6 1-0

[Event "BL2-Nord 9900"]
[Site "Germany"]
[Date "2000.01.30"]
[Round "5.5"]
[White "Schubert, Thomas"]
[Black "Mattick, Lutz"]
[Result "1-0"]
[WhiteElo "2315"]
[BlackElo "2280"]
[PlyCount "79"]
[EventDate "1999.10.??"]
[Source "ChessBase"]
[SourceDate "2000.03.10"]

1. d4 Nf6 2. Nf3 c5 3. d5 e6 4. c4 exd5 5. cxd5 g6 6. Nc3 Bg7 7. e4 d6 8. Bg5 h6 9. Bh4 a6 10. Nd2 b5 11. a4 b4 12. Ncb1 Ra7 13. Bd3 Re7 14. O-O g5 15. Bg3 O-O 16. Nc4 Nxe4 17. Bxe4 Rxe4 18. Nbd2 Rd4 19. Bxd6 Bb7 20. Bxf8 Kxf8 21. d6 Nc6 22. Qe2 Rf4 23. Rae1 Bf6 24. Nb3 Nd4 25. Nxd4 Rxd4 26. b3 Bd5 27. Rc1 Bxc4 28. Rxc4 Rxc4 29. Qxc4 Qxd6 30. Qe4 Kg7 31. f4 Bd4+ 32. Kh1 Qf6 33. g3 g4 34. f5 h5 35. Kg2 Qg5 36. Rf4 a5 37. h3 gxh3+ 38. Kxh3 Qf6 39. Qf3 Qg5 40. Rh4 1-0

[Event "BL2-SW 8788"]
[Site "GER"]
[Date "1988.??.??"]
[Round "?"]
[White "Kopp, Bernd"]
[Black "Arnold, Lothar"]
[Result "1/2-1/2"]
[WhiteElo "2280"]
[BlackElo "2315"]
[PlyCount "61"]
[EventDate "1987.10.??"]
[Source "www.chesslib.no"]
[SourceDate "2004.05.04"]

1. d4 Nf6 2. c4 c5 3. d5 e6 4. Nc3 exd5 5. cxd5 d6 6. Nf3 g6 7. e4 Bg7 8. Bg5 h6 9. Bh4 g5 10. Bg3 Nh5 11. Bb5+ Kf8 12. e5 g4 13. O-O dxe5 14. Nxe5 Nxg3 15. Nxf7 Kxf7 16. fxg3+ Kg8 17. Qb3 Rh7 18. Rae1 Nd7 19. d6+ Kh8 20. Nd5 Bd4+ 21. Kh1 Ne5 22. Ne7 Rxe7 23. dxe7 Qxe7 24. Qd5 Bd7 25. Bxd7 Rd8 26. Rxe5 Bxe5 27. Rf7 Qd6 28. Qxd6 Bxd6 29. Bxg4 Rf8 30. Rf3 Kg7 31. Kg1 1/2-1/2

[Event "Le Touquet op"]
[Site "?"]
[Date "1996.??.??"]
[Round "?"]
[White "Giffard Nicolas"]
[Black "Schuermans Robert"]
[Result "1-0"]
[WhiteElo "2400"]
[BlackElo "2180"]
[PlyCount "47"]
[EventDate "1996.??.??"]
[Source "www.chesslib.no"]
[SourceDate "2004.05.04"]

1. d4 Nf6 2. c4 c5 3. d5 e6 4. Nc3 exd5 5. cxd5 d6 6. e4 g6 7. Nf3 Bg7 8. Bg5 h6 9. Bh4 g5 10. Bg3 Nh5 11. Bb5+ Kf8 12. e5 Nxg3 13. fxg3 dxe5 14. O-O a6 15. Bd3 b6 16. Qe2 Bg4 17. h3 Bxf3 18. Rxf3 Ra7 19. Raf1 Kg8 20. a4 Re7 21. Rf5 e4 22. Nxe4 Be5 23. Qh5 Qxd5 24. Nf6+ 1-0

[Event "XXII Open"]
[Site "Pola CRO"]
[Date "2008.06.26"]
[Round "7"]
[White "Saric, S."]
[Black "Froewis, G."]
[Result "1-0"]
[WhiteElo "2348"]
[BlackElo "2224"]
[PlyCount "49"]
[EventDate "2008.06.21"]
[Source "www.chesslib.no"]
[SourceDate "2004.05.04"]

1. d4 Nf6 2. c4 c5 3. d5 e6 4. Nc3 exd5 5. cxd5 d6 6. e4 g6 7. Nf3 Bg7 8. Bg5 h6 9. Bh4 g5 10. Bg3 Nh5 11. Bb5+ Kf8 12. e5 Bg4 13. e6 Nxg3 14. fxg3 Qa5 15. Qd3 a6 16. O-O Bh5 17. Nxg5 hxg5 18. g4 Bd4+ 19. Kh1 f6 20. gxh5 Rh6 21. Qg3 axb5 22. Qxg5 Rh8 23. Rxf6+ Ke8 24. Rf7 Qd8 25. Qg6 1-0

[Event "ISR-ch U18"]
[Site "Petach Tikva"]
[Date "1997.??.??"]
[Round "4"]
[White "Rapoport, Evgeny"]
[Black "Ribshtein, Nati"]
[Result "1/2-1/2"]
[WhiteElo "2280"]
[BlackElo "2290"]
[PlyCount "95"]
[EventDate "1997.04.13"]
[Source "www.chesslib.no"]
[SourceDate "2004.05.04"]

1. d4 Nf6 2. c4 c5 3. d5 e6 4. Nc3 exd5 5. cxd5 d6 6. Nf3 g6 7. e4 Bg7 8. Bg5 h6 9. Bh4 a6 10. Nd2 b5 11. a4 b4 12. Ncb1 O-O 13. Bd3 Nbd7 14. Nc4 Nb6 15. Nbd2 Nxc4 16. Nxc4 Re8 17. f3 g5 18. Bg3 Nxd5 19. O-O Nf4 20. Bxf4 gxf4 21. a5 Be6 22. Qe2 d5 23. Nb6 c4 24. Bb1 Bd4+ 25. Kh1 Bxb6 26. axb6 d4 27. b3 d3 28. Qd2 c3 29. Qxf4 Bxb3 30. b7 Rb8 31. Rxa6 Qg5 32. Qd6 d2 33. f4 Qg4 34. h3 d1=Q 35. hxg4 Qxf1+ 36. Kh2 Qxb1 37. Qxh6 Qxe4 38. Qg5+ Kf8 39. Qh6+ Kg8 40. Qg5+ Qg6 41. Rxg6+ fxg6 42. Qxg6+ Kf8 43. Qd6+ Kg7 44. Qd4+ Kh7 45. Qxb4 c2 46. Qxb3 c1=Q 47. Qf7+ Kh8 48. Qf6+ 1/2-1/2

[Event "Buenos Aires ol (Men)"]
[Site "Buenos Aires ARG"]
[Date "1978.??.??"]
[Round "2"]
[White "Van Tilbury, Craig"]
[Black "Bouaziz, Slim"]
[Result "0-1"]
[WhiteElo "2200"]
[BlackElo "2365"]
[PlyCount "84"]
[EventDate "1978.10.25"]
[Source "www.chesslib.no"]
[SourceDate "2004.05.04"]

1. d4 Nf6 2. c4 c5 3. d5 e6 4. Nc3 exd5 5. cxd5 d6 6. e4 g6 7. Nf3 Bg7 8. Bg5 h6 9. Bh4 a6 10. Nd2 b5 11. Bd3 O-O 12. O-O Re8 13. Rc1 Nbd7 14. f4 c4 15. Bb1 Nc5 16. b4 cxb3 17. Nxb3 Nxb3 18. Qxb3 Qb6+ 19. Kh1 Bd7 20. Bf2 Qb8 21. Rce1 b4 22. Na4 Ng4 23. Bg1 Bb5 24. Rf3 a5 25. h3 Nf6 26. Rfe3 Nd7 27. Rg3 Qb7 28. Bd3 Rac8 29. e5 dxe5 30. f5 g5 31. Bxb5 Qxb5 32. Nc3 Qa6 33. Ne4 Nf6 34. Nxf6+ Bxf6 35. Rf1 e4 36. Qd1 Rc3 37. Rxc3 Bxc3 38. d6 e3 39. Re1 Rd8 40. d7 Qb5 41. Rxe3 Qxd7 42. Qb3 a4 0-1